000
00236 a2200097 4500
001
51368
100
_a
Payne K B
245
_a
Laser Weapons in Space Policy and Doctrine
260
_a
Boulder
_b
Westview Press
_c
090
_c
32558
_d
32558
942
_a
NUST-CAE
_c
M
_c
25067
999
_c
286441
_d
286441